000 01485nam a2200277Ia 4500
999 _c38593
_d38593
001 4710
003 GE_BSU
005 20190731122500.0
008 181216s2010||||ge |||||||||||||| ||geo||
020 _a9799941912634
040 _cGE_BSU
041 _ageo
080 _a592:599 ბ–81
100 _aბოისენი, სალი
_93358
245 _aპლანეტის ყველაზე გონიერი ცხოველები /
_cბოისენი სალი, კასტანსთან დებორა ; მთარგმნ. : გიორგი ბენაშვილი ; რედ. : რუსუდან მამრაძე, ირმა რევიშვილი
264 _aთბილისი :
_bილიას სახელმწიფო უნ–ტის გამ-ბა ;
_c2010.
300 _a192 გვ. ;
_c 26 სმ.
541 _h23 ლ.
653 _aპლანეტის ყველაზე გონიერი ცხოველები
653 _aცხოველები
700 _aკასტანსთან, დებორა
_eავტორი
_93359
700 _aბენაშვილი, გიორგი
_eმთარგმნელი
_93360
700 _aმამრაძე, რუსუდან
_eრედაქტორი
_93361
700 _aრევიშვილი, ირმა
_eრედაქტორი
_93362
942 _cBK
_2udc